Working class of India : (Record no. 110958)

MARC details
000 -LEADER
fixed length control field 00510nam a22001697a 4500
003 - CONTROL NUMBER IDENTIFIER
control field BD-ChCU
005 - DATE AND TIME OF LATEST TRANSACTION
control field 20260113093045.0
008 - FIXED-LENGTH DATA ELEMENTS--GENERAL INFORMATION
fixed length control field 260113b bg ||||| |||| 00| 0 ben d
040 ## - CATALOGING SOURCE
Transcribing agency BD-ChCU
082 ## - DEWEY DECIMAL CLASSIFICATION NUMBER
Classification number 331.0954 SUW
100 ## - MAIN ENTRY--PERSONAL NAME
Personal name Sukomal Sen .
9 (RLIN) 19070
245 ## - TITLE STATEMENT
Title Working class of India :
Remainder of title history of emergence and movement 1830 - 1970 .
Statement of responsibility, etc. Sukomal Sen .
260 ## - PUBLICATION, DISTRIBUTION, ETC.
Place of publication, distribution, etc. Calcutta :
Name of publisher, distributor, etc. Bagchi ,
Date of publication, distribution, etc. C 1977
300 ## - PHYSICAL DESCRIPTION
Extent 466p.
650 #0 - SUBJECT ADDED ENTRY--TOPICAL TERM
Topical term or geographic name entry element Labour and labouring Classes - India .
9 (RLIN) 19080
942 ## - ADDED ENTRY ELEMENTS (KOHA)
Source of classification or shelving scheme Dewey Decimal Classification
Koha item type Books
Suppress in OPAC No
Holdings
Withdrawn status Lost status Source of classification or shelving scheme Damaged status Not for loan Home library Current library Shelving location Date acquired Source of acquisition Total Checkouts Full call number Barcode Date last seen Copy number Price effective from Koha item type
    Dewey Decimal Classification     Chittagong University Library Chittagong University Library Business and Social Science Reading Room 13/01/2026 Purchase   331.0954 SUW 97489 13/01/2026 C-1 13/01/2026 Books
    Dewey Decimal Classification     Chittagong University Library Chittagong University Library Business and Social Science Reading Room 13/01/2026 Purchase   331.0954 SUW 98904 13/01/2026 C-2 13/01/2026 Books
    Dewey Decimal Classification     Chittagong University Library Chittagong University Library Business and Social Science Reading Room 13/01/2026 Purchase   331.0954 SUW 98905 13/01/2026 C-3 13/01/2026 Books
    Dewey Decimal Classification     Chittagong University Library Chittagong University Library Business and Social Science Reading Room 13/01/2026 Purchase   331.0954 SUW 98906 13/01/2026 C-4 13/01/2026 Books
    Dewey Decimal Classification     Chittagong University Library Chittagong University Library Business and Social Science Reading Room 13/01/2026 Purchase   331.0954 SUW 136946 13/01/2026 C-5 13/01/2026 Books
    Dewey Decimal Classification     Chittagong University Library Chittagong University Library Business and Social Science Reading Room 13/01/2026 Purchase   331.0954 SUW 136947 13/01/2026 C-6 13/01/2026 Books
    Dewey Decimal Classification     Chittagong University Library Chittagong University Library Business and Social Science Reading Room 13/01/2026 Purchase   331.0954 SUW 136948 13/01/2026 C-7 13/01/2026 Books
© Copyright 2026. Chittagong University Library, Installation and Maintenance by Prof. Dr. Md. Alamgir, 01711306253